000 01627nam a22002777a 4500
999 _c21732
_d21732
003 AR-CdUCM
008 190425b ||||| |||| 00| 0 spa d
040 _aMUNICIPALIDAD PROVINCIAL DEL CUSCO
_cBIBLIOTECA MUNICIPAL DEL CUSCO
082 _aRev.Univ/N°75/1938
_bRev.Univ/N°75/1938
110 _aUniversidad Nacional de San Antonio Abad del Cusco
_915942
245 _aRevista Universitaria :
_bÓrgano de la Universidad del Cuzco /
260 _aCusco :
_bH. G. Rozas,
_c1938.
300 _a232 páginas. :
_c20 cm.
440 _aRevista Universitaria
_nAño XXVII, 2° semestre 1938, N°75
_945907
505 _aContenido: Cuarto congreso de rectores. -- Plantas que curan y plantas que matan de la flora del Cuzco. Fortunato L. Herrera. -- La Filosofía de Oriente. Alfredo Yépez Miranda. -- La unificación de las legislaciones. Víctor M. Guillén. -- Patronato privado de menores. Francisco Ponce de León. -- Ultimas contribuciones al estudio de la papa. César Vargas. -- Discurso pronunciado por el Dr. Ricardo V. Campana en la apertura del año académico de 1936. -- La nulidad del matrimonio conforme al nuevo código civil. César A. Muñiz R. -- Las ideas religiosas en el antiguo Perú. Julio A. Vizcarra.
650 _aBotánica cusqueña
_945807
650 _aFilosofía
_9395
650 _aReligiosidad andina
_944127
700 _aYépez Miranda, Alfredo
_94230
700 _aPonce de León, Francisco
_929819
700 _aGuillén, Víctor
_945908
700 _aVizcarra, Julio A
_916673
710 _aUniversidad Nacional de San Antonio Abad del Cusco
_915942
942 _2ddc
_cPP
945 _arac